Jammu, Kashmir and Ladakh: Ladakh (Record no. 3967)

MARC details
000 -LEADER
fixed length control field 00504nam a2200193Ia 4500
020 ## - INTERNATIONAL STANDARD BOOK NUMBER
ISBN 81-7049-200-9
082 ## - DEWEY DECIMAL CLASSIFICATION NUMBER
Classification number 954.6 DEW-J
100 ## - MAIN ENTRY--AUTHOR NAME
Personal name Dewan, Parvez;
245 #0 - TITLE STATEMENT
Title Jammu, Kashmir and Ladakh: Ladakh
260 ## - PUBLICATION, DISTRIBUTION, ETC. (IMPRINT)
Place of publication New Delhi
Name of publisher Manas Publications
Year of publication 2004
300 ## - PHYSICAL DESCRIPTION
Number of Pages 588
504 ## - BIBLIOGRAPHY, ETC. NOTE
Bibliography, etc includes bibliography and index
650 ## - SUBJECT ADDED ENTRY--TOPICAL TERM
Topical Term Ladakh
650 ## - SUBJECT ADDED ENTRY--TOPICAL TERM
Topical Term Jammu and Kashmir
650 ## - SUBJECT ADDED ENTRY--TOPICAL TERM
Topical Term India - Description and trade
650 ## - SUBJECT ADDED ENTRY--TOPICAL TERM
Topical Term India - History
650 ## - SUBJECT ADDED ENTRY--TOPICAL TERM
Topical Term Tourist trade - India
942 ## - ADDED ENTRY ELEMENTS (KOHA)
Koha item type Books
Holdings
Withdrawn status Lost status Damaged status Not for loan Home library Current library Date acquired Source of acquisition Bill Date Full call number Accession Number Price effective from Koha item type
        NASSDOC Library NASSDOC Library 26/02/2005 MANAS 2005-02-11 954.6 DEW-J 40364 18/04/2019 Books